000 00424nam a2200169Ia 4500
008 230524s9999 xx 000 0 und d
082 _a610.28
_bVIC
100 _aMaurice Victor
245 0 _aPrinciples of Neurology (Adams and Victor's)
250 _a7TH
260 _aNEW DELHI
_bMGH
_c2003
300 _aVII;1645
500 _aQuantity Number: 2
650 _aBiomedical
700 _a Allan H.Ropper
942 _cBK
999 _c36731
_d36731